Nehmotný majetok v kontexte IFRS pre SME, plných IFRS a US GAAP diplomová práca

Salvato in:
Dettagli Bibliografici
Autore principale: Večerková, Lucia
Ente Autore: Fakulta hospodárskej informatiky EU. Katedra účtovníctva a audítorstva
Altri autori: Mokošová, Daša, 1979-
Natura: Libro
Lingua:slovacco
Pubblicazione: Bratislava 2014
Tags: Aggiungi Tag
Nessun Tag, puoi essere il primo ad aggiungerne!!

MARC

LEADER 00000nbm a2200000 4500
001 0188733
005 20170201105944.2
041 0 |a slo 
044 |a SK 
245 1 0 |a Nehmotný majetok v kontexte IFRS pre SME, plných IFRS a US GAAP  |b diplomová práca  |c Lucia Večerková ; školiteľ: Daša Mokošová 
264 1 |a Bratislava  |c 2014 
300 |a 69 s. 
100 1 |a Večerková, Lucia 
700 1 |a Mokošová, Daša, 1979- 
710 2 |a Fakulta hospodárskej informatiky EU. Katedra účtovníctva a audítorstva